Descomposición de las potencias tensoriales de la representación de Steinberg de PGL 2,k, k cuerpo finito

Wedi'i Gadw mewn:
Manylion Llyfryddiaeth
Prif Awdur: Sanhueza de la Fuente, Jorge (Awdur)
Fformat: Llyfr
Iaith:Sbaeneg
Cyhoeddwyd: Valparaíso Universidad Católica de Valparaíso 1984
Cyfres:Preprint, 9
Pynciau:
Tagiau: Ychwanegu Tag
Dim Tagiau, Byddwch y cyntaf i dagio'r cofnod hwn!

MARC

LEADER 00000nam a2200000 a 4500
001 UCP3746
003 CL-VaPUC
008 990702e19840000CL |||||||||||||||||spa|d
082 0 4 |a 512.2  |b SAN  |2 21 
100 0 |a Sanhueza de la Fuente, Jorge  |e author  |9 431119 
245 1 0 |a Descomposición de las potencias tensoriales de la representación de Steinberg de PGL 2,k, k cuerpo finito 
300 |a 19 p 
942 |c BK 
945 |d 19990702 00:00:00  |a crobeson 
260 |a Valparaíso  |b Universidad Católica de Valparaíso  |c 1984 
650 0 |a Representaciones de grupos   |9 417402 
650 0 |a Teoría de grupos   |9 270028 
650 7 |a CUERPOS FINITOS  |2 CL-VaPUC  |9 426352 
583 |a last modification  |c 19990702 00:00:00  |k Rodrigo Vera 
490 0 |a Preprint, 9 
999 |c 281946  |d 281944